01736nam a22003257a 4500003000400000005001700004008004100021040002200062082001400084100003600098245004800134260005300182300001900235366000800254366000800262490002300270505027300293505006700566505022000633505014700853650004101000650005001041650004401091650004801135650004301183650004401226650004801270650004701318650004501365OSt20230421083710.0221006b |||||||| |||| 00| 0 eng d cBiblioteca Lado V a700bZ39a aZaya, Antonioeeditoredirector aAtalantica/bRevista de Arte y Pensamiento/ bCentro Atlantico de Arte Modernoc1994aEspaña c24x30cma176p. efre eeng v1994x1132-8428a6 tTerritoriosaManuela Saenz, baila con Giuseppe Epitafio para Maria Kodama Desde la Habana Antropocentrismo Puedo expresarlo como quiera Una accion en el SIDA Cristino de Vera El maestro SOW Fotografia ilimitada e inalcanzable CAPELAN Acciones fotográficas  tNexusaOscar Dominguez y la decalcomania del deseo AFRICAMIRA tRevistaaFernando Alamo El Nuevo Pasado Nuevas perspectivas para viejos sueños Juan Jose Gil Proyecto para Atlantica La f(r)actura del Totem Rafael Monagas Carmen Cologan Castejon Proyecto para Atlantica  tRevistaaArte Africano La Cultura Cubana con Sabor Proyecto de Iraida La Justicia o la Coreografia del Equilibrio De Colombia. Arte Actual 2Tesauro de Arte & ArquitecturaaARTE 2Tesauro de Arte & ArquitecturaaEXPOSICIONES  2Tesauro de Arte & ArquitecturaaCULTURA 2Tesauro de Arte & ArquitecturaaAPRECIACION 2Tesauro de Arte & ArquitecturaaTEORIA 2Tesauro de Arte & ArquitecturaaCRITICA 2Tesauro de Arte & ArquitecturaaFOTOGRAFIA  2Tesauro de Arte & ArquitecturaaLITERATURA 2Tesauro de Arte & ArquitecturaaESPAÑA